El mundo físico a fines de la antiguedad

Guardado en:
Detalles Bibliográficos
Autor principal: Sambursky, Samuel (Autor)
Formato: Libro
Lenguaje:español
Publicado: Buenos Aires EUDEBA 1970
Colección:Colección Lectores de EUDEBA
Materias:
Etiquetas: Agregar Etiqueta
Sin Etiquetas, Sea el primero en etiquetar este registro!

MARC

LEADER 00000nam a2200000 a 4500
001 UCZ3126
003 CL-VaPUC
008 951020e19700000AG |||||||||||||||||spa|d
082 0 4 |a 113  |b SAM  |2 21 
100 0 |a Sambursky, Samuel  |e author  |9 346918 
245 1 3 |a El mundo físico a fines de la antiguedad 
300 |a 265 p 
942 |c BK 
945 |d 19951020 00:00:00  |a rbrito 
260 |a Buenos Aires  |b EUDEBA  |c 1970 
650 0 |a Filosofía antigua   |9 255705 
650 0 |a Metafísica  |9 265649 
650 0 |a Espacio  |9 336785 
650 0 |a Tiempo   |9 267892 
650 0 |a Materia  |9 265041 
650 0 |a Filosofía   |9 223554 
583 |a last modification  |c 19951020 00:00:00  |k Rodrigo Vera 
490 0 |a Colección Lectores de EUDEBA 
999 |c 239642  |d 239640 
952 |0 0  |1 0  |4 0  |6 113_000000000000000_SAM_1970  |7 0  |8 P  |9 250918  |a BIBEDU  |b BIBEDU  |c BIBEDU_PB  |d 2019-11-18  |i 3130134  |o 113 SAM 1970  |p 3130134  |r 2024-01-25  |w 2019-11-18  |y BK  |k FIL 
952 |0 0  |1 0  |4 0  |6 113_000000000000000_SAM_1970  |7 0  |8 P  |9 250919  |a BIBEDU  |b BIBEDU  |c BIBEDU_PB  |d 2019-11-18  |i 1599097  |o 113 SAM 1970  |p 1599097  |r 2024-01-25  |w 2019-11-18  |y BK  |k FIL 
952 |0 0  |1 0  |4 0  |6 113_000000000000000_SAM_1970  |7 0  |8 P  |9 250920  |a BIBEDU  |b BIBEDU  |c BIBEDU_PB  |d 2019-11-18  |i 1599100  |o 113 SAM 1970  |p 1599100  |r 2024-01-25  |w 2019-11-18  |y BK  |k FIL 
952 |0 0  |1 0  |4 0  |6 113_000000000000000_SAM_1970  |7 0  |8 P  |9 250921  |a BIBEDU  |b BIBEDU  |c BIBEDU_PB  |d 2019-11-18  |i 1599119  |o 113 SAM 1970  |p 1599119  |r 2024-01-25  |w 2019-11-18  |y BK  |k FIL 
952 |0 0  |1 0  |2 ddc  |4 0  |6 113_000000000000000_SAM_1970  |7 0  |8 A  |9 250922  |a BIBCUR  |b BIBCUR  |c PAC  |d 2019-11-18  |i 4532511  |o 113 SAM 1970  |p 4532511  |r 2025-04-22  |w 2019-11-18  |y BK  |k FIS